| 000 | 00720nam a2200277Ia 4500 | ||
|---|---|---|---|
| 003 | OSt | ||
| 005 | 20220924124108.0 | ||
| 006 | a|||||r|||| 00| 0 | ||
| 007 | ta | ||
| 008 | 220923b |||||||| |||| 00| 0 urd d | ||
| 020 | _c20 | ||
| 024 | _a322169 | ||
| 037 | _cTextual | ||
| 040 |
_aARTS _cARTS _burd |
||
| 041 |
_2urd _aurd |
||
| 082 | _aR41:g, 168M3 | ||
| 100 |
_aShamsuddin Au. _9174296 |
||
| 245 | 0 | _aZindagi ki haqiqatain | |
| 260 |
_aNew Delhi _b Modern publishing house India _c1983 |
||
| 300 |
_a119p. _ccm. |
||
| 650 | _a ETHICS | ||
| 650 | _a PHILOSOPHY | ||
| 650 |
_aCRITICISM _931425 |
||
| 942 |
_hR41:g, 168M3 _cTEXL _2CC |
||
| 999 |
_c418358 _d418358 |
||